| 000 | 00929nam a2200241Ia 4500 | ||
|---|---|---|---|
| 003 | OSt | ||
| 005 | 20220923221614.0 | ||
| 006 | a|||||r|||| 00| 0 | ||
| 007 | ta | ||
| 008 | 220922b |||||||| |||| 00| 0 hin d | ||
| 024 | _a198,546 | ||
| 037 | _cTextual | ||
| 040 |
_aARTS _cARTS _bhin |
||
| 041 |
_2hin _ahin |
||
| 082 | _aP152:4k, 111L0;M9-;3 | ||
| 100 |
_aचतुर्वेदी, महेन्द्र; तिवारी, बी एन, संपा. _9165475 |
||
| 245 | 0 | _aव्यावहारिक हिन्दी अग्रेंजी कोष | |
| 246 | _aVyāvahārik hindī agreanjī koṣha | ||
| 260 |
_aनई दिल्ली _b नेशनल _c1989 |
||
| 300 |
_a289पृ. _ccm. |
||
| 942 |
_hP152:4k, 111L0;M9-;3 _cTEXL _2CC |
||
| 999 |
_c350371 _d350371 |
||